| 000 | 00662nam a22002057a 4500 | ||
|---|---|---|---|
| 003 | OSt | ||
| 005 | 20220412095006.0 | ||
| 008 | 110301s202u dr 000 0 spa d | ||
| 020 | _a9789945922936 | ||
| 040 |
_aDO-SdBNP _bspa _cBNPHU |
||
| 082 |
_axxxx _bA159r |
||
| 100 | 1 |
_aAbrahan Mercado, Francisco Javier _953018 |
|
| 245 | 1 | 0 |
_aReflexiones en tiempos difíciles / _cFrancisco Javier Abrahan Mercado ; prólogo Grecia Espinal M. |
| 260 |
_aSanto Domingo : _bNuevas Tierras Ediciones. _c[202-]. |
||
| 300 |
_a82 p. : _c22 cm. |
||
| 590 | _aInventariado, 2022/ YL | ||
| 700 | 1 | 2 |
_aEspinal M., Grecia _eprol. _981455 |
| 910 | _aYLockward | ||
| 942 |
_2ddc _cLBS1 |
||
| 999 |
_c51525 _d51525 |
||